000 00430nam a22001577a 4500
005 20231109122529.0
008 231109b |||||||| |||| 00| 0 eng d
041 _aEnglish
082 _a346.2 DRA
100 _aSharrock, R
_lEnglish
245 _aDrafting of Contracts /
_cR Sharrock
260 _c2009
300 _b36 pages ;
_c30,4 cm.
650 _aLegal practice
_bLaw
942 _cBK
_6ALISON_BN_VRIES
999 _c475
_d475